<?xml version="1.0" encoding="UTF-8"?>
<record
    xmlns:xsi="http://www.w3.org/2001/XMLSchema-instance"
    xsi:schemaLocation="http://www.loc.gov/MARC21/slim http://www.loc.gov/standards/marcxml/schema/MARC21slim.xsd"
    xmlns="http://www.loc.gov/MARC21/slim">

  <leader>02377nam a22003137a 4500</leader>
  <controlfield tag="001">8577</controlfield>
  <controlfield tag="003">FISKH</controlfield>
  <controlfield tag="005">20251024093614.0</controlfield>
  <controlfield tag="008">251001b        cb ||||| |||| 00| 0 eng d</controlfield>
  <datafield tag="020" ind1=" " ind2=" ">
    <subfield code="a">9789995099886</subfield>
  </datafield>
  <datafield tag="040" ind1=" " ind2=" ">
    <subfield code="a">FISKH</subfield>
    <subfield code="b">khr</subfield>
    <subfield code="c">FISKH</subfield>
    <subfield code="d">FISKH</subfield>
  </datafield>
  <datafield tag="050" ind1=" " ind2=" ">
    <subfield code="a">PZ7</subfield>
  </datafield>
  <datafield tag="082" ind1=" " ind2=" ">
    <subfield code="a">590</subfield>
  </datafield>
  <datafield tag="100" ind1=" " ind2=" ">
    <subfield code="a">Kimsun, Sotheary</subfield>
  </datafield>
  <datafield tag="245" ind1=" " ind2=" ">
    <subfield code="a">&#x1791;&#x1793;&#x17D2;&#x179F;&#x17B6;&#x1799;&#x1785;&#x17B6;&#x1789;&#x17CB;&#x1794;&#x17D2;&#x179A;&#x17B6;&#x1787;&#x17D2;&#x1789;&#x17B6;&#x1781;&#x17D2;&#x1799;&#x1784; :</subfield>
    <subfield code="b">The hare and the snail / </subfield>
    <subfield code="c">&#x179A;&#x17C0;&#x1794;&#x179A;&#x17C0;&#x1784;&#x178A;&#x17C4;&#x1799;&#x17A2;&#x17D2;&#x1793;&#x1780;&#x179F;&#x17D2;&#x179A;&#x17B8; &#x1782;&#x17B9;&#x1798;&#x179F;&#x17CA;&#x17BB;&#x1793; &#x179F;&#x17BB;&#x1792;&#x17B6;&#x179A;&#x17B8; </subfield>
  </datafield>
  <datafield tag="260" ind1=" " ind2=" ">
    <subfield code="a">Phnom Penh : </subfield>
    <subfield code="b">Reading Books , </subfield>
    <subfield code="c">2010.</subfield>
  </datafield>
  <datafield tag="300" ind1=" " ind2=" ">
    <subfield code="a">16 pages : </subfield>
    <subfield code="b">color illustrations ;</subfield>
    <subfield code="c">25 cm . </subfield>
  </datafield>
  <datafield tag="490" ind1=" " ind2=" ">
    <subfield code="a">&#x1796;&#x17B7;&#x1797;&#x1796;&#x179A;&#x17BF;&#x1784;&#x1793;&#x17B7;&#x1791;&#x17B6;&#x1793;</subfield>
  </datafield>
  <datafield tag="505" ind1=" " ind2=" ">
    <subfield code="a">J 



</subfield>
  </datafield>
  <datafield tag="520" ind1=" " ind2=" ">
    <subfield code="a">&#x1790;&#x17D2;&#x1784;&#x17C3;&#x1798;&#x17BD;&#x1799;&#x1791;&#x1793;&#x17D2;&#x179F;&#x17B6;&#x1799;&#x1785;&#x17BB;&#x17C7;&#x1795;&#x17B9;&#x1780;&#x1791;&#x17B9;&#x1780;&#x178F;&#x17D2;&#x179A;&#x1796;&#x17B6;&#x17C6;&#x1784; &#x179C;&#x17B6;&#x1780;&#x17CF;&#x1794;&#x17B6;&#x1793;&#x1787;&#x17BD;&#x1794;&#x1793;&#x17B9;&#x1784;&#x1781;&#x17D2;&#x1799;&#x1784; &#x1781;&#x17D2;&#x1799;&#x1784;&#x1793;&#x17B7;&#x1799;&#x17B6;&#x1799;&#x1790;&#x17B6;&#x1794;&#x17BE;&#x1785;&#x1784;&#x17CB;&#x1795;&#x17B9;&#x1780;&#x1791;&#x17B9;&#x1780;&#x178F;&#x17D2;&#x179A;&#x17BC;&#x179C;&#x178F;&#x17C2;&#x179F;&#x17BB;&#x17C6;&#x179C;&#x17B6; &#x17D4;&#x1791;&#x1793;&#x17D2;&#x179F;&#x17B6;&#x1799;&#x1781;&#x17B9;&#x1784;&#x1799;&#x17C9;&#x17B6;&#x1784;&#x1781;&#x17D2;&#x179B;&#x17B6;&#x17C6;&#x1784;&#x1780;&#x17CF;&#x1794;&#x1794;&#x17BD;&#x179B;&#x1781;&#x17D2;&#x1799;&#x1784;&#x179A;&#x178F;&#x17CB;&#x1794;&#x17D2;&#x179A;&#x178E;&#x17B6;&#x17C6;&#x1784; &#x17D4; &#x1781;&#x17D2;&#x1799;&#x1784;&#x1794;&#x17B6;&#x1793;&#x179A;&#x17B6;&#x1799;&#x1794;&#x178E;&#x17D2;&#x178F;&#x17B6;&#x1780;&#x17CB;&#x1782;&#x17D2;&#x1793;&#x17B6;&#x178F;&#x17B6;&#x1798;&#x1798;&#x17B6;&#x178F;&#x17CB;&#x178F;&#x17D2;&#x179A;&#x1796;&#x17B6;&#x17C6;&#x1784; &#x17D4;&#x200B; &#x178A;&#x17C4;&#x1799;&#x1780;&#x17B6;&#x179A;&#x1797;&#x17D2;&#x1793;&#x17B6;&#x179B;&#x17CB;&#x1785;&#x17B6;&#x1789;&#x17CB;&#x1791;&#x1793;&#x17D2;&#x179F;&#x17B6;&#x1799;&#x1780;&#x17CF;&#x1788;&#x1794;&#x17CB;&#x1795;&#x17B9;&#x1780;&#x1791;&#x17B9;&#x1780;&#x178F;&#x17D2;&#x179A;&#x1796;&#x17B6;&#x17C6;&#x1784;&#x178F;&#x17B6;&#x17C6;&#x1784;&#x1796;&#x17B8;&#x1796;&#x17C1;&#x179B;&#x1793;&#x17C4;&#x17C7;&#x1798;&#x1780; &#x17AF;&#x1781;&#x17D2;&#x1799;&#x1784;&#x1780;&#x17CF;&#x179A;&#x179F;&#x17CB;&#x1793;&#x17C5;&#x1780;&#x17D2;&#x1793;&#x17BB;&#x1784;&#x178F;&#x17D2;&#x179A;&#x1796;&#x17B6;&#x17C6;&#x1784;&#x1799;&#x17C9;&#x17B6;&#x1784;&#x179F;&#x17BB;&#x1781;&#x179F;&#x17B6;&#x1793;&#x17D2;&#x178F; &#x17D4;&#x200B; </subfield>
  </datafield>
  <datafield tag="520" ind1=" " ind2=" ">
    <subfield code="a">One day, a rabbit came down to a pond to drink water and met a snail. The snail told the rabbit that if it wanted to drink the water, it would have to ask for permission first.
Angered by this, the rabbit challenged the snail to a race. The snail  cleverly had its fellow snail spread out all around the edge of the pond.
Because of this trick, the rabbit lost the bet and, from that day on, stopped drinking water from the pond. As for the snail,  they continued to live peacefully in the pond.</subfield>
  </datafield>
  <datafield tag="521" ind1="8" ind2=" ">
    <subfield code="b">500 



</subfield>
    <subfield code="a">Lexile estimate 


</subfield>
  </datafield>
  <datafield tag="521" ind1="8" ind2=" ">
    <subfield code="a">J 
</subfield>
    <subfield code="b">Raz-Plus 


</subfield>
  </datafield>
  <datafield tag="650" ind1=" " ind2=" ">
    <subfield code="a">&#x1791;&#x1793;&#x17D2;&#x179F;&#x17B6;&#x1799;&#x1785;&#x17B6;&#x1789;&#x17CB;&#x1794;&#x17D2;&#x179A;&#x17B6;&#x1787;&#x17D2;&#x1789;&#x17B6;&#x1781;&#x17D2;&#x1799;&#x1784;</subfield>
    <subfield code="v">&#x179A;&#x17BF;&#x1784;&#x1793;&#x17B7;&#x1791;&#x17B6;&#x1793;&#x1780;&#x17BB;&#x1798;&#x17B6;&#x179A;</subfield>
  </datafield>
  <datafield tag="650" ind1=" " ind2=" ">
    <subfield code="a">The hare and the snail</subfield>
    <subfield code="v">Children's stories </subfield>
  </datafield>
  <datafield tag="700" ind1=" " ind2=" ">
    <subfield code="a">Phirun, Noue</subfield>
    <subfield code="e">Illustrator </subfield>
  </datafield>
  <datafield tag="942" ind1=" " ind2=" ">
    <subfield code="2">ddc</subfield>
    <subfield code="c">KHB</subfield>
    <subfield code="n">0</subfield>
  </datafield>
  <datafield tag="999" ind1=" " ind2=" ">
    <subfield code="c">8577</subfield>
    <subfield code="d">8577</subfield>
  </datafield>
  <datafield tag="952" ind1=" " ind2=" ">
    <subfield code="0">0</subfield>
    <subfield code="1">0</subfield>
    <subfield code="2">ddc</subfield>
    <subfield code="4">0</subfield>
    <subfield code="7">0</subfield>
    <subfield code="8">Khmer-English Bilingual </subfield>
    <subfield code="a">002</subfield>
    <subfield code="b">002</subfield>
    <subfield code="c">TTP Khmer</subfield>
    <subfield code="d">2025-10-01</subfield>
    <subfield code="l">0</subfield>
    <subfield code="o">SOT PZ7 590</subfield>
    <subfield code="p">FISBK03893</subfield>
    <subfield code="r">2025-10-01 14:46:41</subfield>
    <subfield code="t">1</subfield>
    <subfield code="w">2025-10-01</subfield>
    <subfield code="y">KHB</subfield>
  </datafield>
  <datafield tag="952" ind1=" " ind2=" ">
    <subfield code="0">0</subfield>
    <subfield code="1">0</subfield>
    <subfield code="2">ddc</subfield>
    <subfield code="4">0</subfield>
    <subfield code="7">0</subfield>
    <subfield code="8">Khmer-English Bilingual </subfield>
    <subfield code="a">002</subfield>
    <subfield code="b">002</subfield>
    <subfield code="c">TTP Khmer</subfield>
    <subfield code="d">2025-10-09</subfield>
    <subfield code="l">0</subfield>
    <subfield code="o">SOT PZ7 590</subfield>
    <subfield code="p">FIS04557</subfield>
    <subfield code="r">2025-10-09 14:00:48</subfield>
    <subfield code="t">2</subfield>
    <subfield code="w">2025-10-09</subfield>
    <subfield code="y">KHB</subfield>
  </datafield>
  <datafield tag="952" ind1=" " ind2=" ">
    <subfield code="0">0</subfield>
    <subfield code="1">0</subfield>
    <subfield code="2">ddc</subfield>
    <subfield code="4">0</subfield>
    <subfield code="7">0</subfield>
    <subfield code="8">Khmer-English Bilingual </subfield>
    <subfield code="a">002</subfield>
    <subfield code="b">002</subfield>
    <subfield code="c">TTP Khmer</subfield>
    <subfield code="d">2025-10-09</subfield>
    <subfield code="l">0</subfield>
    <subfield code="o">SOT PZ7 590</subfield>
    <subfield code="p">FISBK04083</subfield>
    <subfield code="r">2025-10-09 15:05:22</subfield>
    <subfield code="t">3</subfield>
    <subfield code="w">2025-10-09</subfield>
    <subfield code="y">KHB</subfield>
  </datafield>
  <datafield tag="952" ind1=" " ind2=" ">
    <subfield code="0">0</subfield>
    <subfield code="1">0</subfield>
    <subfield code="2">ddc</subfield>
    <subfield code="4">0</subfield>
    <subfield code="7">0</subfield>
    <subfield code="8">Khmer-English Bilingual </subfield>
    <subfield code="a">002</subfield>
    <subfield code="b">002</subfield>
    <subfield code="c">TTP Khmer</subfield>
    <subfield code="d">2025-10-23</subfield>
    <subfield code="l">0</subfield>
    <subfield code="o">SOT PZ7 590</subfield>
    <subfield code="p">FISBK03916</subfield>
    <subfield code="r">2025-10-23 14:39:08</subfield>
    <subfield code="t">4</subfield>
    <subfield code="w">2025-10-23</subfield>
    <subfield code="y">KHB</subfield>
  </datafield>
  <datafield tag="952" ind1=" " ind2=" ">
    <subfield code="0">0</subfield>
    <subfield code="1">0</subfield>
    <subfield code="2">ddc</subfield>
    <subfield code="4">0</subfield>
    <subfield code="7">0</subfield>
    <subfield code="8">Khmer-English Bilingual </subfield>
    <subfield code="a">002</subfield>
    <subfield code="b">002</subfield>
    <subfield code="c">TTP Khmer</subfield>
    <subfield code="d">2025-10-23</subfield>
    <subfield code="l">0</subfield>
    <subfield code="o">SOT PZ7 590</subfield>
    <subfield code="p">FIS04107</subfield>
    <subfield code="r">2025-10-23 14:42:46</subfield>
    <subfield code="t">5</subfield>
    <subfield code="w">2025-10-23</subfield>
    <subfield code="y">KHB</subfield>
  </datafield>
  <datafield tag="952" ind1=" " ind2=" ">
    <subfield code="0">0</subfield>
    <subfield code="1">0</subfield>
    <subfield code="2">ddc</subfield>
    <subfield code="4">0</subfield>
    <subfield code="7">0</subfield>
    <subfield code="8">Khmer-English Bilingual </subfield>
    <subfield code="a">002</subfield>
    <subfield code="b">002</subfield>
    <subfield code="c">TTP Khmer</subfield>
    <subfield code="d">2025-10-23</subfield>
    <subfield code="l">0</subfield>
    <subfield code="o">SOT PZ7 590</subfield>
    <subfield code="p">FIS04292</subfield>
    <subfield code="r">2025-10-23 14:48:47</subfield>
    <subfield code="t">6</subfield>
    <subfield code="w">2025-10-23</subfield>
    <subfield code="y">KHB</subfield>
  </datafield>
</record>
